Особенности преподавания графических дисциплин иностранным студентам; Методология обучения и повышения эффективности академической, социально-культурной и психологической адаптации иностранных студентов в российском вузе: теоретические и прикладные аспекты; Т. 1

Bibliografiske detaljer
Parent link:Методология обучения и повышения эффективности академической, социально-культурной и психологической адаптации иностранных студентов в российском вузе: теоретические и прикладные аспекты: материалы Всероссийского семинара, 21-23 октября 2008 г./ Томский политехнический университет (ТПУ), Институт международного образования и языковой коммуникации (ИМОиЯК).— , 2008
Т. 1.— 2008.— С. 94-95
Hovedforfatter: Белоенко Е. В. Елена Владимировна
Sprog:russisk
Udgivet: 2008
Fag:
Format: MixedMaterials Book Chapter
KOHA link:https://koha.lib.tpu.ru/cgi-bin/koha/opac-detail.pl?biblionumber=155827

MARC

LEADER 00000naa2a2200000 4500
001 155827
005 20231228114556.0
035 |a (RuTPU)RU\TPU\book\169010 
090 |a 155827 
100 |a 20090319d2008 k y0rusy50 ca 
101 0 |a rus 
102 |a RU 
200 1 |a Особенности преподавания графических дисциплин иностранным студентам  |f Е. В. Белоенко 
461 1 |0 (RuTPU)RU\TPU\book\164988  |t Методология обучения и повышения эффективности академической, социально-культурной и психологической адаптации иностранных студентов в российском вузе: теоретические и прикладные аспекты  |o материалы Всероссийского семинара, 21-23 октября 2008 г.  |f Томский политехнический университет (ТПУ), Институт международного образования и языковой коммуникации (ИМОиЯК)  |d 2008 
463 0 |0 (RuTPU)RU\TPU\book\163844  |y 5-87307-070-9  |t Т. 1  |v С. 94-95  |d 2008  |p 365 с. 
610 1 |a иностранные студенты 
610 1 |a обучение 
610 1 |a графические дисциплины 
610 1 |a преподавание 
610 1 |a мультимедийные ресурсы 
610 1 |a инженерная графика 
610 1 |a компьютерные технологии 
610 1 |a мультимедийные учебники 
610 1 |a учебники 
610 1 |a труды учёных ТПУ 
700 1 |a Белоенко  |b Е. В.  |c специалист в области начертательной геометрии  |c доцент Томского политехнического университета, кандидат технических наук  |f 1962-  |g Елена Владимировна  |3 (RuTPU)RU\TPU\pers\28285  |9 13229 
801 1 |a RU  |b 63413507  |c 20090319  |g PSBO 
801 2 |a RU  |b 63413507  |c 20160920  |g RCR 
942 |c BK